SOME NEW CLOSURES ON ORDERS

Bibliographic Details
Main Author: Czédli, Gábor (Author)
Format: Article
Language:English

MARC

LEADER 00000nab a2200000uu 4500
001 vtls011450066
003 SK-MaSNL
005 20260303151421.0
008 230222|2011 xo |||||||||||||||||eng|
015 |a SNBRB 
035 |a (urnnbn)urn:nbn:sk:snk:ar-006f5g 
035 |a (uuid)a4f3c3fa-3c81-40fe-bdae-5f2d22c7c929 
035 |a urn:nbn:sk:snk-abcmc9 
040 |a SNKBUCL  |b slo  |c SNKBUCL  |e AACR2 
041 0 |a eng 
044 |a xo  |c SK 
100 1 |a Czédli, Gábor  |4 aut  |9 1170963 
245 1 0 |a SOME NEW CLOSURES ON ORDERS  |c Gábor Czédli 
773 0 |t Mathematica Slovaca  |g Roč. 61, č. 6 (2011), s. [859]-870 
958 |a OND 
958 |a EUIPO 
958 |a article16 
999 |c 2017568  |d 2019498